Регионална библиотека "Любен Каравелов" - Русе

Национална класификация на професиите и длъжностите в България (Запис номер 65819)

MARC детайли
000 -Лидер
Контролно поле с фиксирана дължина nam a22 a 4500
003 - Код на организацията, давaща контролен номер
Контролно поле BLK
005 - Дата и час на последна редакция
Контролно поле 20210205153241.0
008 - Елементи от данни с фиксирана дължина
fixed length control field 180408b bul|||||r ||||||| ||bul||
010 ## - Наследен системен номер
LC control number KNG00070101000
040 ## - Източник на каталожния запис
Идентификатор на билиотеката - собственик на записа BLK
041 ## - Код за език
Код за езика на текст/звукозапис или на отделно заглавие Български
Код за езика КДБФ Български
080 ## - УДК
Текстов определител УДК Професии. Професионални проблеми - Видове професии, професионални групи. Професионално ориентиране и др. Подразделят се със съотношение (331.54:023 - Библиотекарска професия)
УДК код - определител по УДК 331.54
УДК определител (497.2)(035)
УДК - код + определител 331.54(497.2)(035)
110 1# - Редна дума - колетивен орган
Редна дума - наименование на организация или юридическо лице България. Министерство на труда и социалната политика
9 (RLIN) 266613
139 ## - Редно поле
Редна дума България. Министерство на труда и социалната политика
Авторски знак Бъл - Б 92
245 10 - Сведения за заглавието
Заглавие Национална класификация на професиите и длъжностите в България
Подзаглавни данни Валидна за 2007
257 ## - Страна на издаване
Страна на създаване/издаване България
260 ## - Област на издателските данни
Име на издателя, разпространителя и проч. Икономика-прес
Година на издаване 2007
Място на издаване, разпространение и проч. София
300 ## - Физическа характеристика
Страници 448 с.
Илюстрации и др. с табл.
Размери/Мащаб 29 см
380 ## - Жанр
Жанр Обществени науки
500 ## - Общи забележки
Забележка Съдържа и Въпроси и отговори по НКПД ; 30 длъжностни характеристики.
650 #4 - Допълнително описание по предмет – тема
Основно описание – тема или топоним Професии и видове труд - България
9 (RLIN) 266614
651 #4 - Допълнително описание по предмет - топоним
Географско понятие България
9 (RLIN) 241624
653 ## - Ключова дума – ненормативна
Ключова дума длъжностни характеристики
653 ## - Ключова дума – ненормативна
Ключова дума класификатори
653 ## - Ключова дума – ненормативна
Ключова дума професии
653 ## - Ключова дума – ненормативна
Ключова дума справочници
852 ## - Местоположение
Форматна сигнатура Цб ІІ 14186
Фондова буква Хранилище
856 4# - Електронен адрес и достъп
Електронен формат pdf - файл
856 4# - Електронен адрес и достъп
Електронен формат pdf - файл
999 ## - СИСТЕМНИ КОНТРОЛНИ НОМЕРА
Koha biblionumber 65819
Koha biblioitemnumber 65819
942 ## - АРТИКУЛИ
Вид на библиотечния материал Книги
Скрит в OPAC Не
Периодичен библиозапис Да
944 ## - СЪЗДАВАНЕ И РЕДАКЦИЯ на ЗАПИСА
Създаване/Редакция Създаване
Дата на регистрацията/редакция 18.12.2006
Служител, извършил регистрацията/редакцията Людмила_Стоянова
944 ## - СЪЗДАВАНЕ И РЕДАКЦИЯ на ЗАПИСА
Създаване/Редакция Редакция
Дата на регистрацията/редакция 30.11.2007
999 ## - СИСТЕМНИ КОНТРОЛНИ НОМЕРА
Koha biblioitemnumber 65819
Наличности
Код за отписване Код за изгубен артикул Код за повреда Коз за рестрикции Код за отдаване Артикулен № Име на библиотеката - собственик Име на библиотеката, в която се намира в момента Статус (Текущо местоположение) Дата на вписване в системата Местоположение - отдел Цена в лева Инвентарен номер Систематично азбучна сигнатура Баркод Номер на екземпляра Цена в евро Служебна бележка Служебен тип на артикула Източник на класификационната схема
  Не е изгубен Не е повреден без рестрикции ползва се в читалня 108591 Регионална библиотека "Любен Каравелов" Русе Регионална библиотека "Любен Каравелов" Русе Читалня 2006-12-18 Читалня 18.00 120000707555 Ч 331/Б 92 120000707555 1 9.20 Дост: Pk Вид: Ф N: 47177 Дата: 15.12.2006 Дата инв: 22.03.2017 Бележки инв: Ч2017 Книги  
  Не е изгубен Не е повреден само за читалня ползва се в читалня 108592 Регионална библиотека "Любен Каравелов" Русе Регионална библиотека "Любен Каравелов" Русе Хранилище 2007-11-22 Хранилище 18.00 120000720192 Цб ІІ 14186 120000720192 2 9.20 Дост: Dp Вид: Д N: 33 Дата: 26.07.2007 Книги Universal Decimal Classification
Vip Innovations Ltd, Rousse, Bulgaria 2025